• 首页
  • 本馆介绍
  • 公告通知
  • 最新文献
  • 馆藏检索
  • 电子资源
  • 读者导购
  • 参考咨询
  • 我的图书馆
  • 登录
  • 详细信息显示
  • 放入我的书架
  • 预约/预借图书
  • 作者相关作品
  • 分类相关作品
  • 丛书相关作品
  • 出版社相关作品

书目信息

  • 表格格式
  • 工作单格式
  • 卡片格式
题名:
鲁迅经典全集
    
 
作者: 鲁迅 著 ;烟波 主编
分册:  
出版信息: 北京   北京联合出版公司  2014
页数: 427页
开本: 25cm
丛书名:
单 册:
中图分类: I210.1
科图分类:
主题词: 鲁迅著作--全集
电子资源:
ISBN: 978-7-5502-3680-6
000 00670nam0 2200241 450
001 338883
005 20150603101634.28
010    @a978-7-5502-3680-6@b精装@dCNY75.00
100    @a20141226d2014 em y0chiy50 ea
101 0  @achi
102    @aCN@b110000
105    @aa z 000zy
106    @ar
200 1  @a鲁迅经典全集@Alu xun jing dian quan ji@f鲁迅著@g烟波主编
210    @a北京@c北京联合出版公司@d2014
215    @a427页@c彩图, 彩照@d25cm
300    @a人生智慧品读馆
606 0  @a鲁迅著作@j全集
690    @aI210.1@v5
701  0 @a鲁迅@Alu xun@f(1881 1936)@4著
702  0 @a烟波@Ayan bo@4主编
801  0 @aCN@b卓展宏图@c20150525
905    @dI210.1@e280@f4
    
    鲁迅经典全集/鲁迅著/烟波主编.-北京:北京联合出版公司,2014
    427页:彩图, 彩照;25cm
    人生智慧品读馆
    
    ISBN 978-7-5502-3680-6(精装):CNY75.00
    
●
相关链接 在E读中查询图书 在五车中查询图书 在当当中查询图书 在豆瓣中查询图书


正题名:鲁迅经典全集     索取号:I210.1/280         预约/预借

序号 登录号 条形码 馆藏地/架位号 状态 备注
1 860993   208609932   第一样本阅览室/ [索取号:I210.1/280] 在馆    
2 860994   208609941   第二借阅区/ [索取号:I210.1/280] 在馆    
3 860995   208609950   第二借阅区/ [索取号:I210.1/280] 在馆    
4 860996   208609969   教育系资料室/ [索取号:I210.1/280] 在馆    
唐山师范学院图书馆 欢迎您!
大连网信软件有限公司© 版权所有